| Tag |
First Indicator |
Second Indicator |
Subfields |
| LEADER |
00000cam a2200000 a 4500 |
| 001 |
in00000020404 |
| 005 |
20151007053917.0 |
| 008 |
861128s1987 maua j b 00110 eng |
| 010 |
|
|
|a 86027546
|
| 020 |
|
|
|a 039533070X
|
| 035 |
|
|
|a (OCoLC)14904749
|
| 035 |
|
|
|9 AAB3297AM
|
| 040 |
|
|
|a DLC
|c DLC
|d m/c
|d TXA
|d UtOrBLW
|
| 049 |
|
|
|a [Curr Col] TXAM
|c [A11059467]
|
| 050 |
0 |
0 |
|a QC924.7
|b .B698 1987
|
| 082 |
0 |
|
|a 551.5
|2 19
|
| 100 |
1 |
|
|a Branley, Franklyn Mansfield,
|d 1915-2002.
|
| 245 |
1 |
0 |
|a It's raining cats and dogs :
|b all kinds of weather and why we have it /
|c by Franklyn M. Branley ; illustrated by True Kelley.
|
| 264 |
|
1 |
|a Boston :
|b Houghton Mifflin,
|c 1987.
|
| 300 |
|
|
|a 112 pages :
|b illustrations ;
|c 22 cm.
|
| 336 |
|
|
|a text
|b txt
|2 rdacontent
|
| 337 |
|
|
|a unmediated
|b n
|2 rdamedia
|
| 338 |
|
|
|a volume
|b nc
|2 rdacarrier
|
| 504 |
|
|
|a Bibliography: pages 107-108.
|
| 500 |
|
|
|a Includes index.
|
| 520 |
|
|
|a Discusses various weather phenomena, including rain, hail, smog, snow, lightning, hurricanes, and tornadoes.
|
| 650 |
|
0 |
|a Rain and rainfall
|v Juvenile literature.
|
| 650 |
|
0 |
|a Weather
|v Juvenile literature.
|
| 650 |
|
1 |
|a Weather.
|
| 700 |
1 |
|
|a Kelley, True.
|
| 740 |
0 |
|
|a It is raining cats and dogs.
|
| 999 |
|
|
|a MARS
|
| 999 |
f |
f |
|s 74e89f99-e71b-3013-ab44-ecbbff99e09e
|i 4330191f-b5c5-379d-b928-73d9a2d643a2
|t 0
|
| 952 |
f |
f |
|p normal
|a Texas A&M University
|b College Station
|c Sterling C. Evans Library
|d Evans: Curriculum Collection (4th floor)
|t 0
|e QC924.7 .B698 1987
|h Library of Congress classification
|i unmediated -- volume
|m A14822350753
|
| 998 |
f |
f |
|a QC924.7 .B698 1987
|t 0
|l Evans: Curriculum Collection (4th floor)
|